Power Struggle; labor and imperialism in Mexico's electrical industry /

En este artículo se analiza el papel de las inversiones extranjeras en el desarrollo eléctrico de México. Tales inversiones han incluído equipo, mano de obra, infraestructura, etc. En el trabajo se expone el impacto que han tenido tales inversiones en el desarrollo de la economía, en el estado mexic...

Ամբողջական նկարագրություն

Պահպանված է:
Մատենագիտական մանրամասներ
Հիմնական հեղինակ: Baird, Peter
Այլ հեղինակներ: McCaughan (Խմբագիր)
Ձևաչափ: Տեքստ
Խորագրեր:
Ցուցիչներ: Ավելացրեք ցուցիչ
Չկան պիտակներ, Եղեք առաջինը, ով նշում է այս գրառումը!

MARC

LEADER 00000 a a2200000 04500
001 9778
003
040
100 |a Baird, Peter  
245 |a Power Struggle; labor and imperialism in Mexico's electrical industry /  |c Peter Baird ; editado por McCaughan 
520 |a En este artículo se analiza el papel de las inversiones extranjeras en el desarrollo eléctrico de México. Tales inversiones han incluído equipo, mano de obra, infraestructura, etc. En el trabajo se expone el impacto que han tenido tales inversiones en el desarrollo de la economía, en el estado mexicano y, especialmente, en el sector obrero, grupo social que ha sido muy afectado por la penetración de monopolios foráneos. ABB/mb  
650 |a ENERGIA HIDROELECTRICA  
650 |a INDUSTRIA ELECTRICA  
650 |a ENERGIA  
650 |a ELECTRICIDAD  
650 |a ENERGIA ELECTRICA  
650 |a INVERSIONES EXTRANJERAS  
650 |a DESARROLLO ECONOMICO  
650 |a ESTADO  
650 |a CLASE OBRERA  
700 |a McCaughan   |e editor  
773 |g volumen 11, número 6; sin páginas 
999 |c 30796  |d 30796